SIMPULAN MAUT / (Record no. 203595)

MARC details
000 -LEADER
fixed length control field 01112nam a2200325 i 4500
005 - DATE AND TIME OF LATEST TRANSACTION
control field 20260406114159.0
008 - FIXED-LENGTH DATA ELEMENTS--GENERAL INFORMATION
fixed length control field 260330t20252019my gr 000 f may d
020 ## - INTERNATIONAL STANDARD BOOK NUMBER
International Standard Book Number 9786299819950
Terms of availability RM35.00
Qualifying information paperback
040 ## - CATALOGING SOURCE
Original cataloging agency PPAK
Language of cataloging eng
Transcribing agency PPAK
Description conventions rda
041 1# - LANGUAGE CODE
Language code of text/sound track or separate title may
Language code of original ind
082 04 - DEWEY DECIMAL CLASSIFICATION NUMBER
Edition number 23
Classification number 899.2213
090 00 - LOCALLY ASSIGNED LC-TYPE CALL NUMBER (OCLC); LOCAL CALL NUMBER (RLIN)
Classification number (OCLC) (R) ; Classification number, CALL (RLIN) (NR) 899.2213
Feature heading VIE
Feature heading G
100 0# - MAIN ENTRY--PERSONAL NAME
Personal name Vie Asano,
Relator term author.
245 10 - TITLE STATEMENT
Title SIMPULAN MAUT /
Statement of responsibility, etc. Vie Asano ; Terjemahan: Nuraina Akmal ; Suntingan: Azreen Hisham
246 33 - VARYING FORM OF TITLE
Title proper/short title Suicide knot
264 #1 - PRODUCTION, PUBLICATION, DISTRIBUTION, MANUFACTURE, AND COPYRIGHT NOTICE
Place of production, publication, distribution, manufacture Cheras, Selangor :
Name of producer, publisher, distributor, manufacturer KATA-KATA,
Date of production, publication, distribution, manufacture, or copyright notice [2025?]
Date of production, publication, distribution, manufacture, or copyright notice ©2019
300 ## - PHYSICAL DESCRIPTION
Extent v, 345 pages ;
Dimensions 20 cm
336 ## - CONTENT TYPE
Content type term text
Source rdacontent
337 ## - MEDIA TYPE
Media type term unmediated
Source rdamedia
338 ## - CARRIER TYPE
Carrier type term volume
Source rdacarrier
500 ## - GENERAL NOTE
General note Originally published in Indonesia in 2019 by Noura Books, Jakarta Selatan Indonesia as Suicide Knot.
650 10 - SUBJECT ADDED ENTRY--TOPICAL TERM
Topical term or geographic name entry element Indonesian fiction
Topical term or geographic name entry element Indonesian fiction
Form subdivision Translations into Malay
Topical term or geographic name entry element Mystery fiction
Topical term or geographic name entry element Thriller
700 0# - ADDED ENTRY--PERSONAL NAME
Personal name Nuraina Akmal,
Relator term illustrator.
Personal name Azreen Hisham,
Relator term editor.
942 ## - ADDED ENTRY ELEMENTS (KOHA)
Source of classification or shelving scheme Dewey Decimal Classification
Koha item type Book
Holdings
Withdrawn Not for loan Current library Shelving location Date acquired Total Checkouts Full call number Barcode Date last seen Koha item type
    Perpustakaan Alor Setar Pinjaman Dewasa 09/04/2026   899.2213 VIE A01907166 09/04/2026 Book
    Perpustakaan Awam Sungai Petani Pinjaman Dewasa 09/04/2026   899.2213 VIE A01907167 09/04/2026 Book
    Perpustakaan Baling Pinjaman Dewasa 09/04/2026   899.2213 VIE A01907171 09/04/2026 Book
    Perpustakaan Bandar Baharu Pinjaman Dewasa 09/04/2026   899.2213 VIE A01907172 09/04/2026 Book
    Perpustakaan Jitra Pinjaman Dewasa 09/04/2026   899.2213 VIE A01907168 09/04/2026 Book
    Perpustakaan Kuala Nerang Pinjaman Dewasa 09/04/2026   899.2213 VIE A01907176 09/04/2026 Book
    Perpustakaan Kulim Pinjaman Dewasa 09/04/2026   899.2213 VIE A01907170 09/04/2026 Book
    Perpustakaan Langkawi Pinjaman Dewasa 09/04/2026   899.2213 VIE A01907169 09/04/2026 Book
    Perpustakaan Merbok Pinjaman Dewasa 09/04/2026   899.2213 VIE A01907173 09/04/2026 Book
    Perpustakaan Pendang Pinjaman Dewasa 09/04/2026   899.2213 VIE A01907177 09/04/2026 Book
    Perpustakaan Sik Pinjaman Dewasa 09/04/2026   899.2213 VIE A01907175 09/04/2026 Book
    Perpustakaan Yan Pinjaman Dewasa 09/04/2026   899.2213 VIE A01907174 09/04/2026 Book
    Bergerak 1, Alor Setar Pinjaman Dewasa 09/04/2026   899.2213 VIE A01907178 09/04/2026 Book
    Bergerak 3, Baling Pinjaman Dewasa 09/04/2026   899.2213 VIE A01907179 09/04/2026 Book
    Bergerak 4, Sungai Petani Pinjaman Dewasa 09/04/2026   899.2213 VIE A01907180 09/04/2026 Book
    Bergerak 5, Kulim Pinjaman Dewasa 09/04/2026   899.2213 VIE A01907181 09/04/2026 Book